000 00703nam a22001817a 4500
999 _c16530
_d16530
003 AR-CdUCM
008 190320b ||||| |||| 00| 0 spa d
040 _aMUNICIPALIDAD PROVINCIAL DEL CUSCO
_cBIBLIOTECA MUNICIPAL DEL CUSCO
082 _218ed.
_a530 /
_bV63
100 _aVidal, Jorge
_920980
245 _aCurso de física /
260 _aLima :
_bBruño,
_c1947.
300 _a453 páginas ;
_c23 cm.
505 _aContenido: p.1-- Mecánica -- Calor -- Acústica --Estructura de la materia, propiedades generales de los cuerpos -- Sistema de unidades, instrumentos de memoria -- Movimiento caída de los cuerpos ...
650 _aFísica
_92382
942 _2ddc
_cLIBROS
945 _arum
_d2019-05-03